| 000 | 00771nam a22001937a 4500 | ||
|---|---|---|---|
| 005 | 2012013107517.0 | ||
| 008 | 120131t xxu||||| |||| 00| 0 eng d | ||
| 020 |
_a8177641107 _c00.00 |
||
| 035 | _aEN-44453 | ||
| 040 |
_aDPL _bENG |
||
| 100 |
_aSasikumar, M _940444 |
||
| 245 |
_aKnowledge based computer systems : _bProceedings of the international conference - KBCS2000 / _cby M. Sasikumar, Durgesh Rao and P. Ravi Prakash |
||
| 260 |
_aMumbai _bAllied Publishers Ltd. _c2000 |
||
| 300 |
_axvii, 590p. _c24 cms. |
||
| 700 |
_aRao, Durgesh _940445 |
||
| 700 |
_aPrakash, P Ravi _940446 |
||
| 942 |
_2ddc _cEN _h004 _mINT |
||
| 999 |
_c61721 _d61721 |
||